| 000 | 00685nam a2200217 u 4500 | ||
|---|---|---|---|
| 005 | 20230909063545.0 | ||
| 008 | 171016s2007 ea 000 0 spa d | ||
| 020 | _a1404268014 | ||
| 035 | _aUPN01000220974 | ||
| 049 | _aI | ||
| 050 | 4 |
_aQL112 _bR6.2 |
|
| 100 | 1 |
_aRoza, Greg, _d1971- _933672 |
|
| 245 | 1 | 3 |
_aEl día de San Valentín / _cGreg Roza ; tr. María Cristina Brusca. |
| 260 |
_aNew York : _bRosen Classroom Books & Materials, _c2007. |
||
| 300 |
_a8 p. : _bil. col. |
||
| 440 | 0 |
_aLecturas del barrio. _pFantasía |
|
| 650 | 7 |
_aAnimales de la selva _vLiteratura infantil _2 _921432 |
|
| 650 | 7 |
_aAmistad entre niños _2 _94319 |
|
| 905 | _aInfantil | ||
| 999 |
_c193073 _d193073 |
||